[Event "World Blitz Women 2022"]
[Site "Almaty KAZ"]
[Date "2022.12.29"]
[Round "6.29"]
[White "Koneru, Humpy"]
[Black "Tereladze, Sopio"]
[Result "1-0"]
[WhiteTitle "GM"]
[BlackTitle "WIM"]
[WhiteElo "2572"]
[BlackElo "2215"]
[WhiteFideId "5008123"]
[BlackFideId "13600486"]
[EventDate "2022.12.29"]

1. d4 Nf6 2. c4 e6 3. Nf3 b6 4. g3 Bb7 5. Bg2 Be7 6. Nc3 O-O 7. d5 d6 8. O-O e5
9. e4 a5 10. Rb1 Nbd7 11. b3 Nc5 12. Ne1 Nfd7 13. a3 Bg5 14. b4 axb4 15. axb4
Na6 16. Nd3 Bxc1 17. Qxc1 Qe7 18. Qe3 f5 19. exf5 Rxf5 20. Bh3 Rh5 21. Bg4 Rh6
22. f4 Re8 23. Rbe1 Qd8 24. Bxd7 Qxd7 25. fxe5 Qh3 26. Qf2 Qd7 27. e6 Qe7 28.
Qf7+ 1-0

[Event "World Blitz Women 2022"]
[Site "Almaty KAZ"]
[Date "2022.12.29"]
[Round "6.30"]
[White "Nurmanova, Alua"]
[Black "Ushenina, Anna"]
[Result "0-1"]
[WhiteTitle "WIM"]
[BlackTitle "GM"]
[WhiteElo "2191"]
[BlackElo "2454"]
[WhiteFideId "13729390"]
[BlackFideId "14110911"]
[EventDate "2022.12.29"]

1. e4 c5 2. Nf3 e6 3. d4 cxd4 4. Nxd4 a6 5. Nc3 b5 6. Bd3 Bb7 7. O-O Qc7 8. Be3
Nc6 9. Nxc6 Qxc6 10. a3 Nf6 11. Qe2 Be7 12. f4 O-O 13. Kh1 d5 14. exd5 Nxd5 15.
Nxd5 Qxd5 16. Rad1 Qc6 17. Bd4 Rad8 18. c3 Bc5 19. Bxc5 Qxc5 20. Be4 Bc6 21.
Bxc6 Qxc6 22. Rd2 Qc7 23. Rfd1 g6 24. Qe4 Rxd2 25. Rxd2 Rd8 26. Qe3 Re8 27. h3
h5 28. Kg1 Qc4 29. Kf2 Qc6 30. Qe5 a5 31. Qd6 Qc4 32. Qd4 Qc6 33. Qd6 Qe4 34.
Qd4 Qf5 35. Qe5 Qxe5 36. fxe5 Rc8 37. Ke3 Rc5 38. Ke4 Kg7 39. Rd7 a4 40. Rb7 g5
41. Kd4 Rd5+ 42. Ke4 Kg6 43. Rb8 Rc5 44. Kd4 Rd5+ 45. Ke4 h4 46. Rg8+ Kh6 47.
Rh8+ Kg7 48. Rb8 Rc5 49. Rb7 Kg6 50. Rb8 Rd5 51. Rg8+ Kh6 52. Rh8+ Kg7 53. Rb8
Kg6 54. Rg8+ Kh6 55. Rh8+ Kg7 56. Rb8 Rc5 57. Kd4 Rd5+ 58. Ke4 Rd2 59. Rxb5 Rxg2
60. c4 g4 61. hxg4 Rxg4+ 62. Kf3 Rxc4 63. Rb4 Rc2 64. Rxh4 Rxb2 65. Rg4+ Kh6 66.
Rxa4 Kg5 67. Rg4+ Kf5 68. Rf4+ Kxe5 69. Rxf7 Rb3+ 70. Ke2 Rxa3 71. Rb7 Ke4 72.
Rb4+ Kf5 73. Rb5+ e5 74. Rb4 Rh3 75. Ra4 Rc3 76. Kf2 Ke6 77. Ra6+ Kd5 78. Ra5+
Ke4 79. Ra4+ Kd3 80. Ra8 Rc2+ 81. Ke1 Rc1+ 82. Kf2 Rc2+ 83. Ke1 Ke3 84. Ra3+ Kf4
85. Ra4+ e4 86. Ra8 Kf3 87. Re8 Rh2 88. Re7 Ke3 89. Kf1 Rh1+ 90. Kg2 Ra1 91. Rb7
Rd1 92. Rb3+ Rd3 93. Rb4 Rd4 94. Rb6 Ke2 95. Rb2+ Rd2 96. Rb3 e3 97. Kg3 Rd3 98.
Rb1 Rd1 99. Rb3 Rg1+ 100. Kh2 Rg7 101. Ra3 Kf2 102. Ra8 Rh7# 0-1

[Event "World Blitz Women 2022"]
[Site "Almaty KAZ"]
[Date "2022.12.29"]
[Round "6.31"]
[White "Khotenashvili, Bela"]
[Black "Kairbekova, Amina"]
[Result "1-0"]
[WhiteTitle "GM"]
[BlackTitle "WIM"]
[WhiteElo "2485"]
[BlackElo "2209"]
[WhiteFideId "13602640"]
[BlackFideId "13712799"]
[EventDate "2022.12.29"]

1. Nf3 Nf6 2. g3 g6 3. b3 Bg7 4. Bb2 O-O 5. c4 c5 6. Bg2 d5 7. cxd5 Nxd5 8. Bxg7
Kxg7 9. Qc1 Qd6 10. Nc3 Nf6 11. O-O Bd7 12. Rd1 Na6 13. d4 Rac8 14. Qb2 Kg8 15.
e4 cxd4 16. Rxd4 Qc5 17. Rc4 Qa5 18. e5 Nh5 19. Rd1 Bc6 20. e6 f6 21. Qe2 b5 22.
Rxc6 Rxc6 23. Nxb5 Rc5 24. Nbd4 Ng7 25. g4 Nb4 26. Rd2 Rc1+ 27. Bf1 Qc7 28. Nb5
Qb6 29. a3 Nc6 30. h4 a6 31. Nbd4 Nxd4 32. Nxd4 Rcc8 33. Qxa6 Qc5 34. b4 Qe5 35.
Qe2 Qf4 36. Rd3 h5 37. Qf3 Qb8 38. Nc6 Qc7 39. Rc3 Qd6 40. gxh5 Nxh5 41. b5 Qxe6
42. Bc4 1-0

[Event "World Blitz Women 2022"]
[Site "Almaty KAZ"]
[Date "2022.12.29"]
[Round "6.32"]
[White "Kurmangaliyeva, Liya"]
[Black "Mkrtchian, Lilit"]
[Result "1-0"]
[WhiteTitle "FM"]
[BlackTitle "IM"]
[WhiteElo "2287"]
[BlackElo "2377"]
[WhiteFideId "13725831"]
[BlackFideId "13300601"]
[EventDate "2022.12.29"]

1. e4 e6 2. d4 d5 3. e5 c5 4. c3 Nc6 5. Nf3 Bd7 6. Be2 Nge7 7. O-O cxd4 8. cxd4
Nf5 9. Na3 Be7 10. Nc2 O-O 11. Bd3 f6 12. Bxf5 exf5 13. Re1 Rc8 14. Bf4 g5 15.
exf6 Bxf6 16. Be5 f4 17. Rc1 Bf5 18. Qd2 g4 19. Bxf6 Qxf6 20. Ne5 f3 21. g3 Bxc2
22. Rxc2 Nxe5 23. Rxc8 Rxc8 24. Rxe5 h6 25. h3 Qg6 26. hxg4 Qb1+ 27. Re1 Rc2 28.
Qe3 Rxb2 1-0

[Event "World Blitz Women 2022"]
[Site "Almaty KAZ"]
[Date "2022.12.29"]
[Round "6.33"]
[White "Savitha, Shri B"]
[Black "Machlik, Monika"]
[Result "1-0"]
[WhiteTitle "WIM"]
[WhiteElo "2411"]
[BlackElo "2114"]
[WhiteFideId "35061887"]
[BlackFideId "1513621"]
[EventDate "2022.12.29"]

1. e4 c6 2. Nf3 d5 3. d3 Bg4 4. h3 Bxf3 5. Qxf3 e6 6. Be2 Nd7 7. Qg3 Ne7 8. O-O
Ng6 9. Be3 Bc5 10. d4 Be7 11. e5 c5 12. c3 cxd4 13. cxd4 Bh4 14. Qg4 h5 15. Qf3
Bg5 16. Nc3 a6 17. Bd3 Ngf8 18. Qg3 Bxe3 19. fxe3 g6 20. Rf3 Qe7 21. Raf1 Rh7
22. e4 Nb6 23. exd5 Nxd5 24. Be4 O-O-O 25. Qf2 Rd7 26. Na4 Kb8 27. Nc5 Rc7 28.
Qg3 g5 29. Bxh7 Nxh7 30. Rxf7 Qxf7 31. Rxf7 Rxf7 32. Nxe6 h4 33. Qb3 Nf4 34.
Nxf4 Rxf4 35. Qg8+ Nf8 36. e6 1-0

[Event "World Blitz Women 2022"]
[Site "Almaty KAZ"]
[Date "2022.12.29"]
[Round "6.34"]
[White "Petrova, Irina"]
[Black "Girya, Olga"]
[Result "1/2-1/2"]
[WhiteTitle "WIM"]
[BlackTitle "GM"]
[WhiteElo "2123"]
[BlackElo "2398"]
[WhiteFideId "14124122"]
[BlackFideId "4195752"]
[EventDate "2022.12.29"]

1. e4 e5 2. Nf3 Nc6 3. Bb5 a6 4. Ba4 Nf6 5. d3 Bc5 6. Nc3 d6 7. Nd5 b5 8. Bb3 h6
9. c3 Bd7 10. Nxf6+ Qxf6 11. Bd5 Rb8 12. h3 Ne7 13. Bb3 Ng6 14. Be3 Nh4 15. Nxh4
Bxe3 16. Qf3 Qxf3 17. Nxf3 Bb6 18. O-O O-O 19. Nh4 Kh7 20. Nf5 g6 21. Ne3 c6 22.
Rad1 Kg7 23. Kh1 f5 24. Nc2 Rf6 25. f3 Rd8 26. a4 Rff8 27. axb5 axb5 28. Ra1 Ra8
29. Nb4 Bc5 30. Kh2 Kf6 31. g3 h5 32. Kg2 Rh8 33. Nc2 Bb6 34. Rh1 Rhb8 35. Nb4
Bc5 36. Nc2 Be8 37. Nb4 Bxb4 38. cxb4 Bd7 39. Rhc1 Ke7 40. Rd1 Kd8 41. Rdc1 Kc7
42. Rd1 Kb6 43. Bf7 g5 44. exf5 Bxf5 45. Bxh5 Rxa1 46. Rxa1 d5 47. Bg4 Bxd3 48.
Re1 e4 49. fxe4 Bxe4+ 50. Bf3 Bf5 51. h4 gxh4 52. gxh4 Rg8+ 53. Kf2 d4 54. h5 d3
55. Ke3 Rg3 56. Kf4 Rh3 57. Kxf5 Rxf3+ 58. Ke4 Rh3 59. Rd1 Rxh5 60. Kxd3 Rd5+
61. Kc2 Rxd1 62. Kxd1 Kc7 63. Kd2 Kd6 64. Kc3 Ke5 65. Kd3 Kd5 66. b3 Ke5 67. Ke3
Kd5 68. Kd3 Ke5 69. Ke3 Kd5 1/2-1/2

[Event "World Blitz Women 2022"]
[Site "Almaty KAZ"]
[Date "2022.12.29"]
[Round "6.35"]
[White "Padmini, Rout"]
[Black "Khamdamova, Afruza"]
[Result "1-0"]
[WhiteTitle "IM"]
[BlackTitle "WFM"]
[WhiteElo "2389"]
[BlackElo "2139"]
[WhiteFideId "5029295"]
[BlackFideId "14210444"]
[EventDate "2022.12.29"]

1. e4 e5 2. Nf3 Nf6 3. d4 Nxe4 4. Bd3 d5 5. Nxe5 Nd7 6. Nxd7 Bxd7 7. O-O Bd6 8.
c4 c6 9. Nc3 Nxc3 10. bxc3 O-O 11. cxd5 cxd5 12. Qh5 f5 13. Qf3 Be6 14. Bf4 Rc8
15. Rfe1 Qd7 16. Rac1 Ba3 17. Rc2 Rfe8 18. h3 Bf7 19. Be5 Bg6 20. Rce2 Bf8 21.
Bc2 a6 22. Bf4 Rxe2 23. Rxe2 Qc6 24. Bd2 Qd7 25. Re5 Bf7 26. Bxf5 Qc7 27. Bxc8
Qxc8 28. Bg5 Bd6 29. Re3 h6 30. Be7 Bb8 31. Bh4 Bd6 32. Bg3 Bf8 33. Be5 b5 34.
Qg3 Kh7 35. Bd6 Bg6 36. Bxf8 Qxf8 37. Qe5 Bf7 38. Rf3 Kg8 39. Qc7 Qe8 40. Kh2
Be6 41. Qb6 Qc8 42. Re3 Bf7 43. Re7 Qf8 44. Rb7 Qc8 45. Rb8 1-0

[Event "World Blitz Women 2022"]
[Site "Almaty KAZ"]
[Date "2022.12.29"]
[Round "6.36"]
[White "Nurgaliyeva, Zarina"]
[Black "Balajayeva, Khanim"]
[Result "1/2-1/2"]
[WhiteTitle "WFM"]
[BlackTitle "WGM"]
[WhiteElo "2013"]
[BlackElo "2379"]
[WhiteFideId "13730096"]
[BlackFideId "13406396"]
[EventDate "2022.12.29"]

1. e4 e5 2. Nf3 Nc6 3. Nc3 Nf6 4. Bb5 Nd4 5. O-O Nxb5 6. Nxb5 d6 7. d4 exd4 8.
Qxd4 a6 9. Nc3 Be7 10. Bg5 O-O 11. h3 h6 12. Bh4 Be6 13. Rad1 Qc8 14. Bg3 Re8
15. Rfe1 b5 16. Nd5 Nxd5 17. exd5 Bf6 18. Qd3 Bd7 19. c3 Qb7 20. Bh4 g5 21. Bg3
Bg7 22. Kh2 Rad8 23. Nd2 Qc8 24. Nb3 Bf5 25. Qd2 Rxe1 26. Rxe1 Re8 27. f4 Rxe1
28. Qxe1 gxf4 29. Bxf4 Bg6 30. Qe3 Kh7 31. Nd4 Qd7 32. Nc6 Qf5 33. Ne7 Qe4 34.
Nxg6 Qxe3 35. Nf8+ Bxf8 36. Bxe3 Kg6 37. Ba7 Be7 38. g4 h5 39. Kg3 hxg4 40. hxg4
f5 41. Kf4 Bg5+ 42. Kf3 fxg4+ 43. Kxg4 Bd8 44. Kf4 Kf6 45. Ke4 Ke7 46. b3 Kd7
47. Kd4 Bf6+ 48. Kd3 Kc8 49. Be3 Kb7 50. c4 c6 51. Bf4 cxd5 52. cxb5 axb5 53.
Bxd6 Kc6 54. Bb4 d4 55. Be1 Kd5 56. Bf2 Be5 57. a4 bxa4 58. bxa4 Kc5 59. a5 Kb5
60. Bxd4 Bxd4 61. Kxd4 Kxa5 1/2-1/2

[Event "World Blitz Women 2022"]
[Site "Almaty KAZ"]
[Date "2022.12.29"]
[Round "6.37"]
[White "Assylkhan, Asiya"]
[Black "Voit, Daria"]
[Result "0-1"]
[BlackTitle "WGM"]
[WhiteElo "1430"]
[BlackElo "2347"]
[WhiteFideId "13752707"]
[BlackFideId "4182146"]
[EventDate "2022.12.29"]

1. d4 Nf6 2. c4 e6 3. g3 d5 4. Bg2 Bb4+ 5. Bd2 Bd6 6. Nf3 c6 7. Qc2 Nbd7 8. e3
O-O 9. O-O Qe7 10. Nc3 dxc4 11. a4 e5 12. dxe5 Nxe5 13. Nxe5 Qxe5 14. Ne2 Qh5
15. Nf4 Bxf4 16. exf4 Be6 17. Rfe1 Bd5 18. Bf1 Qf3 0-1

[Event "World Blitz Women 2022"]
[Site "Almaty KAZ"]
[Date "2022.12.29"]
[Round "6.38"]
[White "Schulze, Lara"]
[Black "Nasybullina, Alfia"]
[Result "0-1"]
[WhiteTitle "FM"]
[BlackTitle "WIM"]
[WhiteElo "2284"]
[BlackElo "2027"]
[WhiteFideId "12956830"]
[BlackFideId "4132416"]
[EventDate "2022.12.29"]

1. e4 e6 2. d4 d5 3. e5 c5 4. c3 Qb6 5. Nf3 Nc6 6. Bd3 c4 7. Bc2 Bd7 8. O-O Nge7
9. b3 cxb3 10. axb3 Rc8 11. Ba3 a6 12. Bd6 Ng6 13. Bxf8 Nxf8 14. Nfd2 Ne7 15. f4
Nf5 16. Bxf5 exf5 17. Qf3 Be6 18. Kh1 Nd7 19. Re1 O-O 20. Nf1 Qxb3 21. Ne3 Qb2
22. Ra5 Nb6 23. Qh3 Nc4 24. Nxc4 Rxc4 25. Qe3 Rfc8 26. Ra3 Bd7 27. Qd3 Ba4 28.
Qxf5 Bc2 29. Qd7 Bxb1 30. Ra5 Qxc3 31. Rxb1 Qc1+ 32. Rxc1 Rxc1# 0-1

[Event "World Blitz Women 2022"]
[Site "Almaty KAZ"]
[Date "2022.12.29"]
[Round "6.39"]
[White "Shukhman, Anna"]
[Black "Kaldarova, Ayaulym"]
[Result "1-0"]
[WhiteTitle "WFM"]
[WhiteElo "2161"]
[BlackElo "1832"]
[WhiteFideId "54180058"]
[BlackFideId "13720503"]
[EventDate "2022.12.29"]

1. e4 d6 2. d4 Nf6 3. Nc3 g6 4. f4 Bg7 5. Nf3 O-O 6. Bd3 Nc6 7. e5 dxe5 8. fxe5
Nd5 9. Nxd5 Qxd5 10. c3 Bg4 11. h3 Bd7 12. O-O e6 13. b4 b5 14. Qe2 Rab8 15. Be4
Qc4 16. Qxc4 bxc4 17. a4 Rfd8 18. Nd2 Ne7 19. Nxc4 Nd5 1-0

[Event "World Blitz Women 2022"]
[Site "Almaty KAZ"]
[Date "2022.12.29"]
[Round "6.40"]
[White "Borisova, Ekaterina"]
[Black "Maltsevskaya, Aleksandra"]
[Result "0-1"]
[WhiteTitle "FM"]
[BlackTitle "IM"]
[WhiteElo "2223"]
[BlackElo "2400"]
[WhiteFideId "34124184"]
[BlackFideId "24174041"]
[EventDate "2022.12.29"]

1. d4 Nf6 2. c4 b6 3. f3 Nc6 4. e4 e5 5. d5 Ne7 6. Be3 Ng6 7. Nc3 Bd6 8. Qd2 c6
9. Nge2 O-O 10. Nc1 Ba6 11. Be2 Nh5 12. g3 cxd5 13. cxd5 Bxe2 14. Qxe2 f5 15.
exf5 Rxf5 16. Nd3 Rf8 17. Ne4 Qe7 18. O-O Nf6 19. Bg5 Bc5+ 20. Ndxc5 bxc5 21. d6
Qe6 22. Bxf6 gxf6 23. Rad1 Rac8 24. b3 c4 25. b4 Kh8 26. Nc5 Qf7 27. Rf2 Rg8 28.
Kh1 a5 29. a3 axb4 30. axb4 Rb8 31. Qb2 Rb6 32. Qc3 Rgb8 33. Rb2 Kg7 34. Rdd2 h5
35. Kg2 h4 36. Rdc2 Rxd6 37. Ne4 Rd4 38. b5 d5 39. Nd6 Qe6 40. Qb4 c3 41. Qxc3
Qxd6 42. b6 Rc4 43. Qa5 Rxc2+ 44. Rxc2 Qxb6 45. Rc7+ Kh6 46. Qd2+ Nf4+ 47. gxf4
Qxc7 48. fxe5+ Kg6 49. Qd3+ f5 50. Qxd5 Rb2+ 51. Kh3 Qe7 52. Qc6+ Kg7 53. e6 0-1

[Event "World Blitz Women 2022"]
[Site "Almaty KAZ"]
[Date "2022.12.29"]
[Round "6.41"]
[White "Nomindalai, Tumurbaatar"]
[Black "Serikbay, Assel"]
[Result "0-1"]
[WhiteTitle "CM"]
[BlackTitle "WIM"]
[WhiteElo "2132"]
[BlackElo "2230"]
[WhiteFideId "4904095"]
[BlackFideId "13706799"]
[EventDate "2022.12.29"]

1. d4 d5 2. c4 c6 3. Nf3 Nf6 4. Qb3 dxc4 5. Qxc4 g6 6. g3 Bg7 7. Bg2 O-O 8. O-O
Nbd7 9. Nc3 Nb6 10. Qb3 Nbd5 11. Re1 Qb6 12. e4 Qxb3 13. axb3 Nb4 14. Rd1 Be6
15. Nd2 Rfd8 16. Ra4 Nc2 17. Ne2 b5 18. Ra6 Nxd4 19. Nxd4 Rxd4 20. Re1 Rad8 21.
Nf1 Bxb3 22. Rxa7 h5 23. Rxe7 Rd1 24. Rxd1 Rxd1 25. Bf4 Bc4 26. Rc7 Nxe4 27.
Rxc6 Bd4 28. Bxe4 Rxf1+ 29. Kg2 Rxf2+ 30. Kh3 Be6+ 31. Kh4 Bf6+ 0-1

[Event "World Blitz Women 2022"]
[Site "Almaty KAZ"]
[Date "2022.12.29"]
[Round "6.42"]
[White "Kirchei, Viktoriia"]
[Black "Hajiyeva, Laman"]
[Result "1-0"]
[WhiteTitle "WFM"]
[BlackTitle "WFM"]
[WhiteElo "2070"]
[BlackElo "2135"]
[WhiteFideId "34133396"]
[BlackFideId "13415875"]
[EventDate "2022.12.29"]

1. e4 c6 2. d4 d5 3. exd5 cxd5 4. Bd3 Nc6 5. c3 Nf6 6. h3 g6 7. Qc2 Qc7 8. Nf3
Bg7 9. O-O O-O 10. Re1 a6 11. a4 Rb8 12. Nbd2 e6 13. b4 Nh5 14. Nb3 b6 15. a5 b5
16. Nc5 e5 17. dxe5 Nxe5 18. Nxe5 Bxe5 19. Bh6 Bg7 20. Bxg7 Kxg7 21. Qd2 Nf4 22.
Bc2 Ne6 23. Qxd5 Kg8 24. Re5 Rd8 25. Qe4 Rd2 26. Bb3 Nxc5 27. Rxc5 Qd8 28. Qf4
Be6 29. Bxe6 fxe6 30. Rc7 Rd1+ 31. Rxd1 Qxd1+ 32. Kh2 Rf8 33. Qe5 Rf7 34. Qxe6 1-0

[Event "World Blitz Women 2022"]
[Site "Almaty KAZ"]
[Date "2022.12.29"]
[Round "6.43"]
[White "Foudzi, Siti Zulaikha"]
[Black "Bauyrzhan, Arnash"]
[Result "0-1"]
[WhiteTitle "WIM"]
[WhiteElo "2136"]
[BlackElo "2041"]
[WhiteFideId "5700965"]
[BlackFideId "13706322"]
[EventDate "2022.12.29"]

1. e4 c5 2. Nf3 e6 3. d4 cxd4 4. Nxd4 a6 5. c4 Nf6 6. Nc3 Bb4 7. Bd3 Qc7 8. O-O
Nc6 9. Nxc6 dxc6 10. f4 Bc5+ 11. Kh1 e5 12. fxe5 Ng4 13. Qe1 Be6 14. Bf4 O-O-O
15. Be2 h5 16. Rd1 Rdg8 17. a3 g5 18. Bg3 Ne3 19. b4 Nxf1 20. Qxf1 h4 21. Be1
Be3 22. Qf3 Bf4 23. c5 Qxe5 24. Na4 g4 25. Nb6+ Kb8 26. Qc3 Rd8 27. Qxe5+ Bxe5
28. Rc1 h3 29. gxh3 Rxh3 30. Bc3 Rxh2+ 31. Kg1 Rxe2 32. Bxe5+ Ka7 33. Rf1 Rdd2
34. Bd6 Rg2+ 35. Kh1 Rgf2 36. Rxf2 Rxf2 37. Kg1 Re2 38. Kf1 Rxe4 0-1

[Event "World Blitz Women 2022"]
[Site "Almaty KAZ"]
[Date "2022.12.29"]
[Round "6.44"]
[White "Mikhaylova, Irina"]
[Black "Sultanbek, Zeinep"]
[Result "1-0"]
[WhiteTitle "WGM"]
[BlackTitle "WIM"]
[WhiteElo "2257"]
[BlackElo "1891"]
[WhiteFideId "4109040"]
[BlackFideId "13710419"]
[EventDate "2022.12.29"]

1. d4 Nf6 2. Nf3 g6 3. c4 Bg7 4. Nc3 O-O 5. e4 c5 6. Be2 d6 7. O-O Nbd7 8. Be3
Ng4 9. Bc1 Rb8 10. Rb1 a6 11. a4 cxd4 12. Nxd4 Nge5 13. Be3 Nc6 14. Qd2 Nc5 15.
b4 Ne6 16. Nxe6 Bxe6 17. Nd5 Ne5 18. f3 Rc8 19. Rfc1 f5 20. exf5 gxf5 21. f4 Ng6
22. g3 Bf7 23. Bb6 Qe8 24. a5 e5 25. fxe5 dxe5 26. Nc7 Qe7 27. Nd5 Qe8 28. Nc7
Qd8 29. Qxd8 Rfxd8 30. Nd5 Re8 31. Bf2 f4 32. Bc5 fxg3 33. hxg3 e4 34. Rf1 Rcd8
35. Kg2 Bxd5 36. cxd5 Ne5 37. Rf5 Rxd5 38. Rbf1 Kh8 39. Be3 Rdd8 40. Bf4 Nd3 41.
Rg5 Nxf4+ 42. gxf4 Rd2 43. Kf2 Bd4+ 44. Ke1 Bc3 45. Kf2 e3+ 46. Kf3 Bxb4 47. Rh1
Rd7 48. Rgh5 Rf8 49. Ke4 Rdf7 50. Kf3 Bd2 51. Bd3 Rxf4+ 52. Ke2 Rf2+ 53. Kd1
R8f7 54. Bxh7 Rf1+ 55. Kc2 Rxh1 56. Rxh1 Rc7+ 57. Kd3 Kg7 58. Be4 Rc3+ 59. Ke2
Rb3 60. Rh7+ Kf6 61. Rxb7 Ra3 62. Rb6+ Ke5 63. Bd3 Kd4 64. Bxa6 Rxa5 65. Bb7 Ra2
66. Kf3 Bc1 67. Rd6+ Ke5 68. Rd5+ Ke6 69. Rc5 Rf2+ 70. Kg3 Bd2 71. Bf3 Rf1 72.
Be2 Rf2 73. Bf3 Kd6 74. Rd5+ Ke6 75. Rb5 Rf1 76. Be2 Re1 77. Kf3 Rh1 78. Ke4 Rh2
79. Kd3 Kd6 80. Rf5 Kc6 81. Rf6+ Kc5 82. Rf4 Rh8 83. Rc4+ Kd5 84. Rd4+ Ke5 85.
Rc4 Rd8+ 86. Kc2 Be1 87. Bd3 Ra8 88. Re4+ Kf6 89. Rxe3 Bf2 90. Rf3+ Ke5 91. Rxf2
Kd4 92. Rf4+ Ke5 93. Rc4 Ra2+ 94. Kc3 Ra5 95. Kd2 Kd6 96. Ke3 Re5+ 97. Be4 Ra5
98. Rc6+ Ke5 99. Rc3 Ra1 100. Bd3 Ra5 101. Rc8 Ra4 102. Rh8 Kd5 103. Rh5+ Kd6
104. Be4 Ra1 105. Rd5+ Ke6 106. Rb5 Rd1 107. Kf4 Rf1+ 108. Bf3 Kd6 109. Rh5 Re1
110. Rh6+ Kc5 111. Be4 Kd4 112. Rd6+ Kc5 113. Rd5+ Kc4 114. Rd8 Ra1 115. Ke5
Ra5+ 116. Bd5+ Kd3 117. Rb8 Ra3 118. Rb1 Ra7 119. Be4+ Ke3 120. Rb3+ Kd2 121.
Kd4 Rd7+ 122. Bd5 Kc2 123. Rh3 Rg7 124. Rh2+ Kd1 125. Bf3+ Kc1 126. Be4 Rg3 127.
Bd3 Kd1 128. Re2 Rh3 129. Kc3 Rh8 130. Ra2 Ke1 131. Kd4 Rh4+ 132. Ke3 Rh3+ 133.
Kd4 Rh4+ 134. Be4 Rh3 135. Rg2 Kf1 136. Ra2 Ke1 137. Bd3 Rh4+ 138. Kc3 Rh3 139.
Re2+ Kd1 140. Rf2 Rh1 141. Rf8 Ke1 142. Rf3 Rg1 143. Kd4 Rg4+ 144. Ke3 Rg1 145.
Rh3 Kd1 146. Rh2 Rg3+ 147. Kd4 Ke1 148. Be4 Kf1 149. Ra2 Ke1 150. Bd3 Rg4+ 151.
Ke3 Rg3+ 152. Ke4 Rh3 153. Ra1+ Kd2 154. Ra3 Rh4+ 155. Kd5 Rh5+ 156. Kd4 Rh4+
157. Be4 Ke1 158. Ke3 1-0

[Event "World Blitz Women 2022"]
[Site "Almaty KAZ"]
[Date "2022.12.29"]
[Round "6.45"]
[White "Kim, Kristina"]
[Black "Druzhinina, Olga"]
[Result "0-1"]
[WhiteTitle "WCM"]
[WhiteElo "1930"]
[BlackElo "2245"]
[WhiteFideId "13712438"]
[BlackFideId "4141911"]
[EventDate "2022.12.29"]

1. d4 Nf6 2. Bf4 g6 3. e3 Bg7 4. Nf3 d5 5. h3 O-O 6. c4 c5 7. Nc3 cxd4 8. Nxd4
Nc6 9. Nxc6 bxc6 10. cxd5 cxd5 11. Be5 e6 12. Be2 Nd7 13. Bxg7 Kxg7 14. Qd4+ Qf6
15. Rd1 Qxd4 16. Rxd4 Nc5 17. O-O Rb8 18. b4 Nd7 19. a3 Nb6 20. Rd2 Bb7 21. Rc1
Rfc8 22. Rdc2 Kf6 23. Nb5 Ba6 24. Nxa7 Rxc2 25. Rxc2 Bxe2 26. Rxe2 Nc4 27. Ra2
e5 28. Nc6 Ra8 29. a4 Ke6 30. Kf1 Kd6 31. b5 f5 32. Ke2 Kc5 33. f4 exf4 34. exf4
Re8+ 35. Kf2 d4 36. Re2 Ra8 37. Rc2 Rxa4 38. Ne5 Kxb5 39. Nf3 Kc5 40. g4 Kd5 41.
gxf5 gxf5 42. Nh4 d3 43. Rc3 Kd4 44. Rc1 Ra2+ 45. Kg3 d2 46. Rd1 Ne3 47. Nf3+
Kc3 48. Rb1 d1=Q 0-1

[Event "World Blitz Women 2022"]
[Site "Almaty KAZ"]
[Date "2022.12.29"]
[Round "6.46"]
[White "Mikheeva, Galina"]
[Black "Kaliakhmet, Elnaz"]
[Result "1-0"]
[WhiteTitle "WFM"]
[BlackTitle "WFM"]
[WhiteElo "1969"]
[BlackElo "1786"]
[WhiteFideId "44108320"]
[BlackFideId "13730169"]
[EventDate "2022.12.29"]

1. e4 c5 2. Nf3 e6 3. g3 Nc6 4. Bg2 Nf6 5. Qe2 d5 6. exd5 Nxd5 7. O-O Be7 8. Nc3
O-O 9. a3 Bf6 10. Ne4 Be7 11. d3 e5 12. Ned2 f6 13. Nc4 Bg4 14. c3 Rc8 15. h3
Bh5 16. Ne3 Bg6 17. Rd1 Nxe3 18. Qxe3 Qd7 19. Nh4 Bh5 20. g4 Bf7 21. Nf5 Be6 22.
Be4 g6 23. Nxe7+ Qxe7 24. Qg3 Kh8 25. Bg2 f5 26. Bxc6 f4 27. Qf3 bxc6 28. Re1
Bd5 29. Qe2 Rce8 30. f3 Qh4 31. Qf2 Qxh3 32. Rf1 c4 33. dxc4 Bxc4 34. Re1 Bd5
35. Rf1 h5 36. Qh2 Qxh2+ 37. Kxh2 hxg4 38. fxg4 Kg7 39. Kg1 Rh8 40. Kf2 Rh2+ 41.
Ke1 Bc4 42. Rf2 Rh1+ 43. Kd2 Rd8+ 44. Kc2 Bd3+ 45. Kb3 Rb8+ 46. Ka4 g5 47. b4 e4
48. Rd2 Bc4 49. Rd4 Bd5 50. c4 Bf7 51. Rxe4 Bg6 52. Re7+ Kf6 53. Rxa7 f3 54.
Bb2+ Ke6 55. Rxh1 Bc2+ 56. Ka5 f2 57. Rf1 Rf8 58. Bd4 Rf4 59. Bxf2 Bd3 60. Re1+
Kf6 61. Bc5 Bxc4 62. Kb6 Bb5 63. a4 Bc4 64. Kxc6 Rxg4 65. Rae7 Bb3 66. Rf1+ Kg6
67. a5 Rg2 68. a6 Ra2 69. a7 Rd2 70. Rg1 Bd5+ 71. Kc7 Bf3 72. b5 Rc2 73. Re5 Kf6
74. Rgxg5 Rb2 75. b6 Ba8 76. Ref5+ Ke6 77. Rf8 Rb5 78. Rxa8 Rb1 79. Re8+ Kf7 80.
Re7+ Kf6 81. Rge5 Ra1 82. R7e6+ Kf7 83. Rh6 Ra5 84. Re7+ Kg8 85. Kc6 Ra6 86. Rd6
Kf8 87. Rd8# 1-0

[Event "World Blitz Women 2022"]
[Site "Almaty KAZ"]
[Date "2022.12.29"]
[Round "6.47"]
[White "Balakanova, Bakhyt"]
[Black "Chen, Jocelyn"]
[Result "1-0"]
[WhiteTitle "WFM"]
[BlackTitle "WCM"]
[WhiteElo "2005"]
[BlackElo "1854"]
[WhiteFideId "13705881"]
[BlackFideId "30947154"]
[EventDate "2022.12.29"]

1. e4 c5 2. Nc3 d6 3. g3 g6 4. Bg2 Bg7 5. Nge2 Nc6 6. d3 e6 7. O-O Nge7 8. h3
O-O 9. Be3 b6 10. f4 Bb7 11. g4 f5 12. Ng3 Nd4 13. g5 b5 14. Qd2 a5 15. Rab1 Bc6
16. Nd1 b4 17. h4 Rb8 18. h5 Nb5 19. h6 Bd4 20. Bxd4 Nxd4 21. Ne3 d5 22. e5 Bb5
23. Rfd1 Qb6 24. Kh2 Rfc8 25. c3 Ndc6 26. c4 d4 27. Nc2 Ba6 28. b3 Bb7 29. Ne1
Nd8 30. Nf3 Bc6 31. Qf2 a4 32. Qb2 a3 33. Qf2 Nb7 34. Nf1 Na5 35. Re1 Qb7 36.
N1d2 Rd8 37. Rh1 Nc8 38. Kg3 Qf7 39. Rhe1 Na7 40. Nh4 Bxg2 41. Nxg2 N5c6 42. Qf3
Qb7 43. Nh4 Ne7 44. Qe2 Nac6 45. Rf1 Rd7 46. Ndf3 Rf8 47. Nd2 Nd8 48. Qh2 Nf7
49. Nhf3 Nd8 50. Rfe1 Ndc6 51. Re2 Nc8 52. Rbe1 Re8 53. Nf1 Nb6 54. Nh4 Ne7 55.
Nd2 Qc6 56. Qh3 Red8 57. Nhf3 Nbc8 58. Nh4 Qb7 59. Ne4 Rc7 60. Nf6+ Kh8 61. Nf3
Nb6 62. Rh2 Nd7 63. Rhe2 Nxf6 64. gxf6 Nc6 65. Qh4 Rf7 66. Qg5 Rdf8 67. Qh4 Qd7
68. Ng5 Nd8 69. Nxf7+ Nxf7 70. Rd2 Rg8 71. Qh1 g5 72. fxg5 Rxg5+ 73. Kf3 Qb7+
74. Kf2 Qc7 75. Qa8+ Qd8 76. Qxd8+ Nxd8 77. Rg1 Rxg1 78. Kxg1 Nf7 79. Re2 Kg8
80. Kg2 Kf8 81. Kf3 Ke8 82. Kf4 Kd7 83. Rg2 Ke8 84. Rg7 Nxh6 85. Rxh7 Ng4 86.
Re7+ Kf8 87. Rxe6 Kf7 88. Rc6 Kg6 89. Rxc5 Kf7 90. Rb5 Ke6 91. Rxb4 Kf7 92. Kxf5
Ne3+ 93. Ke4 Nc2 94. Rb7+ Kg6 95. f7 Kg7 96. e6 Kf8 97. Kf5 Ne3+ 98. Kg6 Ng4 99.
e7# 1-0